Score 0/24 Timer 04:00
0 Plays Today
Question Answer Wrong Answers
David Caruso CSI: Miami
83%
CSI: Crime Scene Investigation
7.3%
CSI: NY
2.7%
CSI: Cyber
1%
William Petersen CSI: Crime Scene Investigation
80.5%
CSI: Miami
2.3%
CSI: NY
4%
CSI: Cyber
5.2%
Jorja Fox CSI: Crime Scene Investigation
77.7%
CSI: Miami
4.8%
CSI: NY
6.3%
CSI: Cyber
3.4%
George Eads CSI: Crime Scene Investigation
76.9%
CSI: Miami
6.3%
CSI: NY
5.3%
CSI: Cyber
5%
Gary Sinise CSI: NY
75.6%
CSI: Crime Scene Investigation
9.2%
CSI: Miami
6.1%
CSI: Cyber
1.3%
Marg Helgenberger CSI: Crime Scene Investigation
75%
CSI: Miami
9.9%
CSI: NY
3.8%
CSI: Cyber
3.1%
Khandi Alexander CSI: Miami
74.4%
CSI: Crime Scene Investigation
7.3%
CSI: NY
6.1%
CSI: Cyber
5%
Adam Rodriguez CSI: Miami
73.5%
CSI: Crime Scene Investigation
9.9%
CSI: NY
5.5%
CSI: Cyber
3.6%
Gary Dourdan CSI: Crime Scene Investigation
72.5%
CSI: Miami
5.3%
CSI: NY
9%
CSI: Cyber
5.7%
Charley Koontz CSI: Cyber
68.1%
CSI: Crime Scene Investigation
6.7%
CSI: Miami
10.1%
CSI: NY
8.2%
Eva LaRue CSI: Miami
67.4%
CSI: Crime Scene Investigation
8%
CSI: NY
8.2%
CSI: Cyber
8.4%
Hayley Kiyoko CSI: Cyber
64.9%
CSI: Crime Scene Investigation
7.4%
CSI: Miami
12.2%
CSI: NY
7.1%
Melina Kanakaredes CSI: NY
64.7%
CSI: Crime Scene Investigation
13.2%
CSI: Miami
12.4%
CSI: Cyber
2.9%
Shad Moss CSI: Cyber
64.5%
CSI: Crime Scene Investigation
6.3%
CSI: Miami
6.1%
CSI: NY
15.3%
Rory Cochrane CSI: Miami
63.2%
CSI: Crime Scene Investigation
10.9%
CSI: NY
11.1%
CSI: Cyber
7.1%
Emily Procter CSI: Miami
62.4%
CSI: Crime Scene Investigation
12.6%
CSI: NY
9.2%
CSI: Cyber
8.6%
Patricia Arquette CSI: Cyber
62.4%
CSI: Crime Scene Investigation
12.8%
CSI: Miami
7.4%
CSI: NY
10.5%
Eric Szmanda CSI: Crime Scene Investigation
59.5%
CSI: Miami
10.5%
CSI: NY
13.4%
CSI: Cyber
9.7%
Robert Joy CSI: NY
57.1%
CSI: Crime Scene Investigation
14.7%
CSI: Miami
10.9%
CSI: Cyber
10.5%
Sela Ward CSI: NY
55.2%
CSI: Crime Scene Investigation
17.7%
CSI: Miami
6.9%
CSI: Cyber
11.6%
James Van Der Beek CSI: Cyber
52.5%
CSI: Crime Scene Investigation
11.8%
CSI: Miami
13.7%
CSI: NY
14.7%
Carmine Giovinazzo CSI: NY
52.3%
CSI: Crime Scene Investigation
10.7%
CSI: Miami
13.9%
CSI: Cyber
15.3%
Peter MacNicol CSI: Cyber
49.8%
CSI: Crime Scene Investigation
14.5%
CSI: Miami
9.4%
CSI: NY
19.1%
Vanessa Ferlito CSI: NY
47.1%
CSI: Crime Scene Investigation
10.7%
CSI: Miami
20.2%
CSI: Cyber
14.3%
Remove Ads.
Support Sporcle.
Get the best of Sporcle when you Go Orange. This ad-free experience offers more features, more stats, and more fun while also helping to support Sporcle. Thank you for becoming a member.

You're not logged in!

Compare scores with friends on all Sporcle quizzes.
OR
Log In

Show Comments

Extras

Top Quizzes Today


Score Distribution

Your Account Isn't Verified!

In order to create a playlist on Sporcle, you need to verify the email address you used during registration. Go to your Sporcle Settings to finish the process.

Report this User

Report this user for behavior that violates our Community Guidelines.

Details: